| 000 | 00445cam a2200169ua 4500 | ||
|---|---|---|---|
| 020 | _c1.00 | ||
| 041 |
_amal _h |
||
| 082 |
_a894.8122 _bGOP/AV |
||
| 100 | _aGopinathan nair, T,N . | ||
| 245 |
_aAval oru pennu annu / _cT.N.Gopinathan nair. _hTextual Documents |
||
| 260 |
_aKottayam : _bSahitya Parishad Co Operative Society Limited , _c1961. |
||
| 300 | _a83 ; . | ||
| 365 | _a1.00 | ||
| 504 | _a | ||
| 942 | _cBK | ||
| 999 |
_c650 _d650 |
||